=LDR 00000nam 2200000 4500 =001 INLIS000000000020964 =005 20130612115852 =008 ***********************************Ind** =035 ##$$0010-061300000020964 =041 ##$$a Ind =082 ##$$a 372.52 =090 ##$$a 372.52, Sam m =100 ##$$a Samiyah =245 ##$$a Mari menggambar dan mewarnai, Samiyah =260 ##$$a [s.a] $b Jakarta =300 ##$$a 32 hlm, ilus, 30 cm =650 ##$$a Menggambar-TK =850 ##$$a NBPNMAT